000 02393nam a2200229Ia 4500
008 220216s9999 xx 000 0 und d
100 _aLal Rattan
245 0 _aClimate-resilient agriculture and soil organic carbon
260 _bIndian Journal of Agronomy
_c2013
300 _a440-450
520 _aThe soil carbon(C) reservoir is an important component of the global C cycle. It comprises of soil organic C (SOC) and soil inorganic C (SIC). soils of India are severely depleted of their SOC stock. Therefore, enhancing and maintaining SOC concentration to above the critical threshold(~1.5;in the 0-20cm depth) is essential to improving soil quantity, increasing use efficiency of nutrients and water, minimizing vulnerability to extreme climatic events, decreasing susceptibility to erosion and other degradation processes, and sustaining agonomic production. Above all, recarbonization of the SOC stock is integral to any strategy towards adapting to and mitigating the abrupt climate change, advancing food security and improving the environment. The SOC stock is also important to provisioning of numerous ecosystem services (e.g., food security, water security). Thus, identification and adoption of recommended management practices(e.g.,conservation agriculture, agoforestry, manuring and integrated nutrient management, diverse farming system) are important to C sequestration. The rate of SOC sequestration in cropland soils of India are low, but need to be credibly assessed for diverse soils and farming systems. Rate of formation of secondary carbonates for different practices and or leaching of bicarbonates in irrigated soils must be established. A way forward should consider: (i) improvement in education curricula at state agricultural universities include courses on climate change, C sequestrationetc.; (ii) establishment of National Climate-Re-silent Agriculture Program(NACRAP), and (iii) developement of mechanisms to compensate farmers and land managers through payments for ecosystems services(e.g., soil C sequestration).
650 _aAgricultural curricula
650 _aErosion
650 _aFood security
650 _aMalnutrition
650 _aNational Climate-Resilient Agriculture Program
650 _aPayments for ecosystem service
650 _aSoil C sequestration
650 _aSoil degradation
650 _aSoil quality
942 _cJS
999 _c55704
_d55704